000 00403nam a2200145 i 4500
001 bgj
100 1 _aBRECHT, Bertolt.
_d(1898-1956)
245 1 0 _aMutter Courage und ihre Kinder :
_beine Chronik aus dem Dreißigjahrigen Krieg /
_cBertolt Brecht.
650 9 _aDramat niemiecki
040 _cBPK
041 _ager
080 _a821.112.2-2
942 _cKS
008 s gw f |000 0 ger
999 _c49521
_d49521
856 _uhttp://koha.tu.koszalin.pl/cgi-bin/koha/opac-detail.pl?biblionumber=49521
_yKatalog online BPK